| 000 | 00601nam a2200217Ia 4500 | ||
|---|---|---|---|
| 003 | OSt | ||
| 005 | 20220925221924.0 | ||
| 006 | a|||||r|||| 00| 0 | ||
| 007 | ta | ||
| 008 | 220923b |||||||| |||| 00| 0 eng d | ||
| 037 | _cGeneral Book | ||
| 040 |
_aRTL _cRTL _beng |
||
| 041 |
_2eng _aeng |
||
| 082 | _aXN::3:N3, G8 D&W | ||
| 100 |
_aGordon Lincoin _9287229 |
||
| 245 | 0 | _aPublic Corporation in Great Britain | |
| 260 |
_aLondon _bOxford Univ.Press _c1938 |
||
| 300 |
_a351p _ccm. |
||
| 942 |
_hXN::3:N3, G8 D&W _cGB _2CC |
||
| 999 |
_c575597 _d575597 |
||